Statistiken für Gemeinden im Schwarzwald-Baar-Kreis

Klicken Sie hier um das Quiz zu spielen!

Allgemein

  • Dieses Quiz wurde 27 mal gespielt
  • Das Durchschnittsergebnis liegt bei 13 aus 20

Antwortstatistiken

% Korrekt
Villingen-Schwenningen
100%
Triberg im Schwarzwald
89%
Bad Dürrheim
74%
Donaueschingen
74%
Furtwangen im Schwarzwald
74%
St. Georgen im Schwarzwald
74%
Hüfingen
68%
Königsfeld im Schwarzwald
63%
Niedereschach
63%
Schonach im Schwarzwald
63%
Schönwald im Schwarzwald
63%
Blumberg
58%
Gütenbach
58%
Mönchweiler
58%
Unterkirnach
58%
Vöhrenbach
58%
Bräunlingen
53%
Brigachtal
53%
Dauchingen
47%
Tuningen
47%

Verteilung der Resultate

Perzentil nach korrekt beantworteten Fragen

Anzahl Personen mit jedem Resultat

Ihre Resultats-Entwicklung

Sie haben dieses Quiz noch nicht gespielt